Yeux bleus - Statistiques

Statistiques générales
  • Ce quiz a été pris 14 fois
  • Le résultat moyen est 7 sur 20
Statistiques - réponses
Par images Réponse % Correct
Sans
85%
Doki Doki Litterature Club
54%
Portal 2
54%
Sayori
54%
Undertale
54%
Rem
46%
Re:Zero - Starting a new life in another world
46%
Touhou Project
38%
Umamusume Pretty Derby
38%
Cirno
31%
Hololive
31%
Miss Kobayashi's Dragon Maid
31%
Gawr Gura
23%
Nichijou : My Ordinary Life
23%
Wheatley
23%
Balatro
15%
Grass Wonder
15%
Kanna
15%
Hakase
8%
Impair pépère
8%
Aucun quiz correspondant
Distribution des résultats
% des personnes avec chaque résultat
Percentile par nombre de réponses
Votre historique - résultats
Vous n’avez pas pris ce quiz